00407nam a2200145Ia 450000500170000000800410001702000150005808200130007324500410008626000520012730000220017965000180020165000100021970000320022920241212023525.0240331s9999 xx 000 0 und d a0140156488 a823bTHE 4aThe penguin new writing in Sri Lanka aNew DelhibPenguin Books India (Pvt) Ltd.c1992 aXXviii, 245 P ., aShort Stories aPoems aGoonetilleke, D.C.R.A.eedt